00483nam a22001697a 450000500170000001000130001702000260003003500120005603700130006808200080008110000340008924500670012324600440019026000420023427000110027630000260028720230206110941.0 aUR-11865 a9788176505109c125.00 aU-10420 bDBAD/PUB a841 aلدھ یانوی ، ساحر aگا تا جاۓ بن جارا /cساحر لدھیا نوی aGata Jaye banjara /bby Sahir Ludhianvi aNew DelhibStar Publicationsc2012 ء e110002 a144 صc22cm(Hb)